000
00203nam a2200085Ia 4500
008
120527s9999 xx 000 0 und d
100
_a
Tischer, L. Harry
245
_a
Introduction to sociology
942
_c
BK
999
_c
27674
_d
27674